Emoji Quiz #23 - Statistics

General Stats
  • This quiz has been taken 13 times
  • The average score is 11 of 25
Answer Stats
Hint Answer % Correct
๐Ÿ”” {bell}
83%
โ™ฆ๏ธ {diamond} suit
75%
๐ŸŽต musical {note}
67%
๐Ÿฅ {drum}
58%
๐ŸŽธ {guitar}
58%
๐ŸŽง {headphone}
58%
๐ŸŽค {microphone}
58%
๐ŸŽ™๏ธ studio {microphone}
58%
๐Ÿ“ป {radio}
50%
๐ŸŽบ {trumpet}
50%
๐ŸŽป {violin}
50%
๐Ÿช‡ {maracas}
42%
๐Ÿ“ฃ {megaphone}
42%
๐ŸŽน musical {keyboard}
42%
๐Ÿ”ˆ {speaker} low volume
42%
๐Ÿช• {banjo}
33%
๐Ÿชˆ {flute}
33%
๐ŸŽท {saxophone}
33%
๐Ÿช— {accordion}
25%
๐Ÿช˜ long {drum}
25%
๐ŸŽ›๏ธ control {knobs}
17%
๐ŸŽš๏ธ control {slider}
17%
๐Ÿ“ข {loudspeaker}
17%
๐ŸŽผ musical {score}
17%
๐Ÿ“ฏ postal {horn}
17%
No matching quizzes found
Score Distribution
Percent of People with Each Score
Percentile by Number Answered
Your Score History
You have not taken this quiz